[Event "Margate Thanet op"]
[Site "Margate"]
[Date "2017.08.19"]
[Round "3"]
[White "McBride, Nick"]
[Black "Faldon, David J"]
[Result "1/2-1/2"]
[WhiteElo "1900"]
[BlackElo "1911"]
[PlyCount "32"]
[EventDate "2017.08.18"]
[EventType "swiss"]
[EventRounds "5"]
[EventCountry "ENG"]
[SourceTitle "EXT 2019"]
[Source "ChessBase"]
[SourceDate "2018.10.10"]
[SourceVersion "1"]
[SourceVersionDate "2018.10.10"]
[SourceQuality "1"]

1. d4 e6 2. c4 f5 3. Nc3 Nf6 4. Bf4 b6 5. Nf3 Bb7 6. e3 Bb4 7. Qb3 a5 8. a3 a4 9. Qc2 Ba5 10. Be2 Ne4 11. h4 0-0 12. 0-0 Bxc3 13. bxc3 d6 14. Ng5 Qe7 15. Bf3 Nd7 16. Nxe4 fxe4 1/2-1/2

[Event "GBR-ch Morning op 104th"]
[Site "Llandudno"]
[Date "2017.08.03"]
[Round "4"]
[White "Ratnesan, Ranesh"]
[Black "Faldon, David J"]
[Result "1/2-1/2"]
[WhiteElo "1845"]
[BlackElo "1911"]
[PlyCount "104"]
[EventDate "2017.07.31"]
[EventType "swiss"]
[EventRounds "5"]
[EventCountry "WLS"]
[SourceTitle "EXT 2018"]
[Source "ChessBase"]
[SourceDate "2017.10.13"]
[SourceVersion "1"]
[SourceVersionDate "2017.10.13"]
[SourceQuality "1"]

1. Nf3 c5 2. c4 Nc6 3. g3 e5 4. Nc3 Nf6 5. d3 d5 6. cxd5 Nxd5 7. Bg2 Nxc3 8. bxc3 Be7 9. 0-0 Qc7 10. Rb1 Be6 11. Qc2 f6 12. e4 0-0 13. Be3 Rfd8 14. Rfd1 Rab8 15. d4 cxd4 16. cxd4 exd4 17. Nxd4 Qc8 18. Nxe6 Qxe6 19. Rxd8+ Nxd8 20. Qa4 a6 21. Bb6 g6 22. h4 Kg7 23. Kh2 h5 24. Bh3 Qc6 25. Qd4 Nf7 26. Bd7 Qd6 27. Qxd6 Nxd6 28. Bc7 Ra8 29. e5 fxe5 30. Rb6 Nf7 31. Rxb7 a5 32. Be6 Kf6 33. Bxf7 Kxf7 34. Bxe5 Ke6 35. Bd4 a4 36. Kg2 a3 37. Rb3 Rd8 38. Be3 Rc8 39. Bd2 Rc2 40. Bb4 Bxb4 41. Rxb4 Rxa2 42. Ra4 Kd5 43. Ra6 Kc4 44. Rxg6 Rc2 45. Ra6 Kb3 46. Rb6+ Ka2 47. Rb5 Rc4 48. Rxh5 Kb3 49. Ra5 Ra4 50. Re5 Rc4 51. Ra5 Ra4 52. Re5 Rc4 1/2-1/2

[Event "BCF-ch U180"]
[Site "Coventry"]
[Date "2015.07.31"]
[Round "5"]
[White "Newell, David F"]
[Black "Faldon, David J"]
[Result "0-1"]
[WhiteElo "1874"]
[BlackElo "1951"]
[PlyCount "92"]
[EventDate "2015.07.27"]
[EventType "swiss"]
[EventRounds "5"]
[EventCountry "ENG"]
[SourceTitle "EXT 2016"]
[Source "ChessBase"]
[SourceDate "2015.10.08"]
[SourceVersion "1"]
[SourceVersionDate "2015.10.08"]
[SourceQuality "1"]

1. f4 d5 2. Nf3 Nc6 3. d4 Bf5 4. e3 e6 5. c3 Bd6 6. Be2 Nf6 7. 0-0 Ne4 8. Nbd2 h6 9. Nxe4 Bxe4 10. Bd2 Ne7 11. Be1 g5 12. Ne5 Nf5 13. Bd2 0-0 14. Bf3 f6 15. Bxe4 dxe4 16. Ng6 Re8 17. fxg5 hxg5 18. Qh5 Kg7 19. Rf2 Rg8 20. Raf1 Qe8 21. g4 Qxg6 22. Qxg6+ Kxg6 23. gxf5+ exf5 24. Rxf5 Raf8 25. Be1 Bf4 26. Rd5 Bxe3+ 27. Bf2 Bxf2+ 28. Kxf2 Rd8 29. Rc5 Rd7 30. Ke3 Re7 31. Rcf5 Re6 32. d5 Rb6 33. R1f2 Rh8 34. Kxe4 Rh4+ 35. Kd3 Rxh2 36. Rxf6+ Rxf6 37. Rxh2 g4 38. Ke4 Rf7 39. c4 Kg5 40. c5 Re7+ 41. Kd4 g3 42. Rh8 Kf4 43. Rf8+ Kg4 44. d6 cxd6 45. cxd6 Rg7 46. Ke3 Rg5 0-1

[Event "BCF-ch U180"]
[Site "Aberystwyth"]
[Date "2014.07.23"]
[Round "3"]
[White "Slinger, Tony J"]
[Black "Faldon, David J"]
[Result "1/2-1/2"]
[WhiteElo "169"]
[BlackElo "173"]
[PlyCount "28"]
[EventDate "2014.07.21"]
[EventType "swiss"]
[EventRounds "5"]
[EventCountry "WLS"]
[SourceTitle "EXT 2017"]
[Source "ChessBase"]
[SourceDate "2016.10.25"]
[SourceVersion "1"]
[SourceVersionDate "2016.10.25"]
[SourceQuality "1"]

1. Nf3 d5 2. b3 Bf5 3. Bb2 e6 4. e3 Nf6 5. Be2 Bd6 6. 0-0 h6 7. c4 Nbd7 8. d4 c6 9. Nc3 Ne4 10. Rc1 0-0 11. Ne5 Nxc3 12. Bxc3 Nf6 13. Bd3 Ne4 14. f3 Nxc3 1/2-1/2

[Event "London Classic op 5th"]
[Site "London"]
[Date "2013.12.13"]
[Round "7"]
[White "Faldon, David J"]
[Black "Opasiak, Dustin Tennessee"]
[Result "1-0"]
[WhiteElo "1960"]
[BlackElo "1796"]
[PlyCount "27"]
[EventDate "2013.12.07"]
[EventType "swiss"]
[EventRounds "9"]
[EventCountry "ENG"]
[SourceTitle "CBM 157 Extra"]
[Source "ChessBase"]
[SourceDate "2013.12.19"]
[SourceVersion "1"]
[SourceVersionDate "2013.12.19"]
[SourceQuality "1"]

1. d4 Nf6 2. Bf4 c5 3. dxc5 Na6 4. Qd4 Qa5+ 5. c3 Qxc5 6. e3 b6 7. Nf3 g6 8. Nbd2 Bg7 9. Bc4 0-0 10. 0-0 Qc6 11. Ne5 Qb7 12. Be2 d5 13. Qa4 Nd7 14. Nxd7 1-0

[Event "London Classic op 4th"]
[Site "London"]
[Date "2012.12.01"]
[Round "1"]
[White "Roe, Simon J"]
[Black "Faldon, David J"]
[Result "1-0"]
[WhiteElo "2265"]
[BlackElo "1938"]
[PlyCount "61"]
[EventDate "2012.12.01"]
[EventType "swiss"]
[EventRounds "9"]
[EventCountry "ENG"]
[SourceTitle "CBM 151 Extra"]
[Source "ChessBase"]
[SourceDate "2012.12.18"]
[SourceVersion "1"]
[SourceVersionDate "2012.12.18"]
[SourceQuality "1"]

1. Nf3 d5 2. c4 e6 3. g3 c5 4. cxd5 exd5 5. d4 Nc6 6. Bg2 Nf6 7. Nc3 Be7 8. 0-0 0-0 9. b3 Re8 10. Bb2 Bg4 11. Rc1 Bxf3 12. Bxf3 Nxd4 13. Bg2 Qc7 14. e3 Ne6 15. Nxd5 Nxd5 16. Qxd5 Qa5 17. Bc3 Qxa2 18. Ra1 Qc2 19. Rfc1 Qg6 20. Qxb7 Rab8 21. Qd5 Bf6 22. Qc4 Bxc3 23. Qxc3 Red8 24. Rxa7 Qd3 25. Bf1 Qd5 26. Bc4 Qe4 27. h4 g5 28. Qf6 gxh4 29. Qxf7+ Kh8 30. Qf6+ Kg8 31. Bxe6+ 1-0